|
|
|
|
| LEADER |
00000nas a2200000 a 4500 |
| 001 |
ssj0000503895 |
| 003 |
WaSeSS |
| 005 |
20200512172242.0 |
| 006 |
m d |
| 007 |
cr n |
| 008 |
100308c20109999nz uu p s 0 a0eng c |
| 010 |
|
|
|a 2011243691
|
| 016 |
7 |
|
|a 2586658-8
|2 DE-600
|
| 016 |
7 |
|
|a 101566036
|2 DNLM
|
| 022 |
|
|
|a 1179-1543
|l 1179-1543
|
| 035 |
|
|
|a (WaSeSS)ssj0000503895
|
| 040 |
|
|
|a FQM
|b eng
|c FQM
|d OCLCQ
|d HEBIS
|d NZWTU
|d NTE
|d NLM
|d OCLCQ
|d OCLCF
|d CUS
|d OCLCO
|d CUS
|d EUW
|d OCLCO
|d OCLCQ
|d OCLCO
|d WaSeSS
|
| 042 |
|
|
|a pcc
|
| 050 |
|
4 |
|a RC1200
|
| 060 |
1 |
0 |
|a W1
|
| 082 |
0 |
4 |
|a 617.102705
|2 22
|
| 210 |
1 |
|
|a Open access sports med
|b (Online)
|
| 222 |
|
0 |
|a Open access journal of sports medicine
|b (Online)
|
| 245 |
0 |
0 |
|a Open access journal of sports medicine
|h [electronic resource].
|
| 246 |
3 |
0 |
|a OAJSM
|
| 260 |
|
|
|a [Auckland, NZ] :
|b Dove Medical Press
|
| 362 |
1 |
|
|a Began with vol. 1 (2010).
|
| 506 |
|
|
|a License restrictions may limit access.
|
| 515 |
|
|
|a Articles added during the year to the current annual volume.
|
| 588 |
|
|
|a Description based on: Vol. 1 (2010); title from journal home page (Publisher's Web site, viewed Mar. 8, 2010).
|
| 588 |
|
|
|a Latest issue consulted: 2011:2 (viewed Sept. 20, 2011).
|
| 650 |
|
0 |
|a Sports medicine
|v Periodicals.
|
| 650 |
1 |
2 |
|a Sports Medicine.
|
| 650 |
2 |
2 |
|a Athletic Injuries.
|
| 650 |
2 |
2 |
|a Exercise.
|
| 650 |
2 |
2 |
|a Physical Fitness.
|
| 650 |
|
7 |
|a Sports medicine.
|2 fast
|0 (OCoLC)fst01130709
|
| 655 |
|
0 |
|a Electronic journals.
|
| 856 |
4 |
0 |
|z Full text available from Research Library: 01/01/2010 to present
|u https://search.proquest.com/publication/3933324
|